Industrial safety handbook (Record no. 10151)

MARC details
000 -LEADER
fixed length control field 00515nam a22001577a 4500
005 - DATE AND TIME OF LATEST TRANSACTION
control field 2009120207337.0
008 - FIXED-LENGTH DATA ELEMENTS--GENERAL INFORMATION
fixed length control field 091202t xxu||||| |||| 00| 0 eng d
080 ## - UNIVERSAL DECIMAL CLASSIFICATION NUMBER
Universal Decimal Classification number 614.8(023)
Item number HAN
100 ## - MAIN ENTRY--PERSONAL NAME
Personal name Handley, William [ed.]
Role ed. by
245 ## - TITLE STATEMENT
Title Industrial safety handbook
250 ## - EDITION STATEMENT
Edition statement 2nd ed.
260 ## - PUBLICATION, DISTRIBUTION, ETC. (IMPRINT)
Place of publication, distribution, etc London
Name of publisher, distributor, etc McGraw-Hill
Date of publication, distribution, etc 1977
300 ## - PHYSICAL DESCRIPTION
Extent x, 480p.
942 ## - ADDED ENTRY ELEMENTS (KOHA)
item type Reference
260 ## - PUBLICATION, DISTRIBUTION, ETC. (IMPRINT)
-- 9778
Holdings
Lost status Source of classification or shelving scheme Not for loan Home library Current library Shelving location Date acquired Total Checkouts Full call number Barcode Date last seen Date checked out Price effective from Koha item type
  Universal Decimal Classification   University Library University Library General Stacks 02/12/2009 1 614.8(023) HAN 00012195 05/01/2017 25/10/2016 02/12/2009 Books
University Library, CUSAT